000 01575nam a2200289zi 4500
999 _c136009
_d136009
001 991061522582606706
003 ES-BaBAB
005 20260312192526.0
008 251126s2025 spc |||| f cat|c
017 _aDL B 13560-2025
_bBiblioteca de Catalunya
020 _a9788419474797
040 _aES-ReCLR
_bcat
_erda
_cES-ReCLR
041 1 _acat
_heng
080 _a821.111-3
100 1 _aSackville-West, V.
_q(Victoria),
_d1892-1962,
_eautor
_9196420
240 1 4 _aThe Edwardians.
_lCatalà
245 1 4 _aEls Eduardians /
_cVita Sackville-West ; traducció de Maria Rossich
250 _aPrimera edició
264 1 _a[Barcelona] :
_bViena Edicions,
_coctubre del 2025
300 _a268 pàgines ;
_c24 cm
336 _atext
_btxt
_2rdacontent
337 _asense mediació
_bn
_2rdamedia
338 _avolum
_bnc
_2rdacarrier
490 1 _aClub Victoria ;
_v21
520 _aAmb només dinou anys, en Sebastian és conscient que heretarà d’aquí a no gaire tant la mansió de Chevron, amb totes les finques que l’envolten, com el títol de duc. Ell i la seva germana Viola han rebut la formació adequada per assumir aquesta responsabilitat i se senten dipositaris d’una llarga tradició familiar, però alhora són només dos adolescents que detesten la hipocresia i les pretensions de l’alta aristocràcia que els envolta i que s’esforça a amagar les seves febleses sota el glamur de l’elegància i la subtilesa de les bones maneres.
830 0 _aClub Victòria
_v21
_9257723
908 _aCLR
_aBAB
940 _aCLR
942 _2udc
_cLIB
_05